<?xml version="1.0" encoding="UTF-8"?>
<record
    xmlns:xsi="http://www.w3.org/2001/XMLSchema-instance"
    xsi:schemaLocation="http://www.loc.gov/MARC21/slim http://www.loc.gov/standards/marcxml/schema/MARC21slim.xsd"
    xmlns="http://www.loc.gov/MARC21/slim">

  <leader>01971nam a2200265   4500</leader>
  <controlfield tag="003">DO-SdBJH</controlfield>
  <controlfield tag="005">20260701203855.0</controlfield>
  <controlfield tag="008">260701b2025    |||o|||| |||| 00| 0 spa d</controlfield>
  <datafield tag="040" ind1=" " ind2=" ">
    <subfield code="a">DO-SdBJH</subfield>
    <subfield code="b">spa</subfield>
    <subfield code="c">DO-SdBJH</subfield>
  </datafield>
  <datafield tag="041" ind1="0" ind2=" ">
    <subfield code="a">spa</subfield>
  </datafield>
  <datafield tag="090" ind1=" " ind2=" ">
    <subfield code="a">CT CM-0009</subfield>
    <subfield code="b">AMBC 2025</subfield>
  </datafield>
  <datafield tag="100" ind1="1" ind2=" ">
    <subfield code="a">Santos Jim&#xE9;nez, Breidy</subfield>
    <subfield code="e">sustentante</subfield>
  </datafield>
  <datafield tag="245" ind1="1" ind2="0">
    <subfield code="a">Optimizaci&#xF3;n de la cadena de suministro militar para mejorar la log&#xED;stica de las tropas en las operaciones de seguridad de la 4ta Brigada de Infanter&#xED;a /</subfield>
    <subfield code="c">Breidy Santos Jim&#xE9;nez, Wester Segura Dom&#xED;nguez ; asesor de contenido Pedro Reyes Calder&#xF3;n ; asesor metodol&#xF3;gico Reynaldo Cruz Camacho.</subfield>
  </datafield>
  <datafield tag="260" ind1=" " ind2=" ">
    <subfield code="a">Santo Domingo, Rep&#xFA;blica Dominicana :</subfield>
    <subfield code="b">UNADE,</subfield>
    <subfield code="c">2025.</subfield>
  </datafield>
  <datafield tag="300" ind1=" " ind2=" ">
    <subfield code="a">xiv, 57, [04] p&#xE1;ginas :</subfield>
    <subfield code="b">fotograf&#xED;as.</subfield>
  </datafield>
  <datafield tag="502" ind1=" " ind2=" ">
    <subfield code="a">Tesis y trabajos de grado (Licenciatura en Ciencias Militares)--Universidad Nacional para la Defensa "General Juan Pablo Duarte y D&#xED;ez", Academia Militar "Batalla de las Carreras", Santo Domingo, 2025.</subfield>
  </datafield>
  <datafield tag="504" ind1=" " ind2=" ">
    <subfield code="a">Incluye referencias bibliogr&#xE1;ficas y anexos.</subfield>
  </datafield>
  <datafield tag="505" ind1=" " ind2=" ">
    <subfield code="a">Diagn&#xF3;stico de limitaciones estructurales, operativas y administrativas en la cadena de suministro de la 4ta Brigada de infanter&#xED;a -- An&#xE1;lisis de modelos y estrategias de optimizaci&#xF3;n log&#xED;stica aplicables al contexto militar fronterizo Dominico-Haitiano -- Propuesta de optimizaci&#xF3;n integral de la cadena de suministro militar para fortalecer la eficiencia log&#xED;stica operativa de la 4ta Brigada de Infanter&#xED;a, ERD.</subfield>
  </datafield>
  <datafield tag="650" ind1=" " ind2="7">
    <subfield code="2">lemb</subfield>
    <subfield code="a">Log&#xED;stica militar</subfield>
    <subfield code="v">Tesis y disertaciones acad&#xE9;micas</subfield>
    <subfield code="x">Cadena de suministro</subfield>
    <subfield code="x">Administraci&#xF3;n log&#xED;stica</subfield>
    <subfield code="z">Rep&#xFA;blica Dominicana</subfield>
  </datafield>
  <datafield tag="650" ind1=" " ind2="7">
    <subfield code="2">lemb</subfield>
    <subfield code="a">Abastecimiento militar</subfield>
    <subfield code="v">Tesis y disertaciones acad&#xE9;micas</subfield>
    <subfield code="x">Planificaci&#xF3;n log&#xED;stica</subfield>
    <subfield code="x">Operaciones militares</subfield>
    <subfield code="z">Frontera dominico-haitiana</subfield>
  </datafield>
  <datafield tag="700" ind1="1" ind2=" ">
    <subfield code="a">Segura Dom&#xED;nguez, Wester</subfield>
    <subfield code="e">sustentante</subfield>
  </datafield>
  <datafield tag="700" ind1="1" ind2=" ">
    <subfield code="a">Reyes Calder&#xF3;n, Pedro</subfield>
    <subfield code="e">asesor de contenido</subfield>
  </datafield>
  <datafield tag="700" ind1="1" ind2=" ">
    <subfield code="a">Cruz Camacho, Reynaldo</subfield>
    <subfield code="e">asesor metodol&#xF3;gico</subfield>
  </datafield>
  <datafield tag="942" ind1=" " ind2=" ">
    <subfield code="2">CL</subfield>
    <subfield code="c">T</subfield>
  </datafield>
  <datafield tag="999" ind1=" " ind2=" ">
    <subfield code="c">8740</subfield>
    <subfield code="d">8740</subfield>
  </datafield>
  <datafield tag="952" ind1=" " ind2=" ">
    <subfield code="0">0</subfield>
    <subfield code="1">0</subfield>
    <subfield code="2">CL</subfield>
    <subfield code="4">0</subfield>
    <subfield code="7">0</subfield>
    <subfield code="8">TG</subfield>
    <subfield code="a">BJHA</subfield>
    <subfield code="b">BJHA</subfield>
    <subfield code="c">GEN</subfield>
    <subfield code="d">2026-07-01</subfield>
    <subfield code="i">25-02587</subfield>
    <subfield code="l">0</subfield>
    <subfield code="o">CT CM-0009 AMBC 2025</subfield>
    <subfield code="p">25-02587</subfield>
    <subfield code="r">2026-07-01 20:40:24</subfield>
    <subfield code="t">e.1</subfield>
    <subfield code="w">2026-07-01</subfield>
    <subfield code="y">T</subfield>
  </datafield>
</record>
